01466nam a2200241 a 4500008004100000020001500041050001600056100001900072245009500091260004800186300001700234350000900251650003300260650001300293650003500306995016200341995016300503995016300666999001700829952012300846952013200969952012301101060804s1997 ||||||||||||||||| || u a8170225809 aHD 87.5 Sun aSundaram. K. V10aDecentralized multilevel planning: principles and practice (Asian and African experiences) aNew Delhi:bConcept Publising Companyc1997 a514p. : ill. a0.00 aDECENTRALIZED PLANNING--ASIA aPLANNING aDECENTRALIZED PLANNING--AFRICA aANNEX COLLECTION (Main Library)D0.00e732323FCBU-MAIN LIBRARY (Kitwe)H1I0.00jHD 87.5 SunM2UAVAILABLEWAug 4, 2006y029529ZAnnex Low-Usage Collection  aMAIN LIBRARY OPEN ACCESSD0.00e732321FCBU-MAIN LIBRARY (Kitwe)H1I0.00jHD 87.5 SunM3UAVAILABLEWAug 4, 2006y029530ZMain Library Open Access Collection aANNEX COLLECTION (Main Library)D0.00e732322FCBU-MAIN LIBRARY (Kitwe)H1I0.00jHD 87.5 SUNM1UAVAILABLEWMay 22, 2006y029528ZAnnex Low-Usage Collection  c63407d63407 00102lcc4070a001b001cAnnex Low-Usage Collectiond2022-12-24l0oHD 87.5 Sunp029529r2022-12-24w2022-12-24y002 00102lcc4070a001b001cMain Library Open Access Collectiond2022-12-24l0oHD 87.5 Sunp029530r2022-12-24w2022-12-24y002 00102lcc4070a001b001cAnnex Low-Usage Collectiond2022-12-24l0oHD 87.5 Sunp029528r2022-12-24w2022-12-24y002